Escuelas Rǧimen Jurd̕ico-Fiscal 2021 /

Detalles Bibliográficos
Autor principal: Domn̕guez Orozco, Jaime
Otros Autores: Resňdiz Nn︢ez, Cuauhtm̌oc
Formato: eBook
Lenguaje:español
Publicado: Ciudad de Mx̌ico: Ediciones Fiscales ISEF, 2021
Materias:
Acceso en línea:Acceso restringido

MARC

LEADER 00000nam a22000007a 4500
005 20211012212255.0
007 cr|||| ||||
008 211012s2021 mx |||||s|||| 00||0 spa d
020 |a 978-607-541-272-6 
035 |a 35244 
040 |a vLex 
090 |c 12521  |d 12521 
100 1 |a Domn̕guez Orozco, Jaime 
245 1 0 |a Escuelas  |h [Recurso electrn̤ico] :  |b Rǧimen Jurd̕ico-Fiscal 2021 /  |c Jaime Domn̕guez Orozco, Cuauhtm̌oc Resňdiz Nn︢ez 
256 |a Servicio en ln̕ea 
260 |a Ciudad de Mx̌ico:  |b Ediciones Fiscales ISEF,  |c 2021 
300 |a 1 recurso electrn̤ico 
500 |a Este libro ser ̀un instrumento de gran utilidad para quienes estň interesados en el REGIMEN JURÍDICO FISCAL DE LAS ESCUELAS. Las instituciones que prestan servicios educativos reciben un tratamiento fiscal especial. La importancia social de la actividad de las ESCUELAS, cuando šta es realizada dentro del marco del sistema educativo, se ve reconocida en las leyes fiscales. 
506 1 |a Disponible solo en los productos indicados  |d vLex Global  |d vLex Global (Academic Edition, excluding Law Schools)  |d vLex Global (U.S. Academic Edition, Law Schools)  |d vLex Global (U.S. Academic Edition, excluding Law Schools)  |d vLex Global (Academic Edition, Law Schools) 
650 0 4 |a Derecho Fiscal  |z Mx̌ico 
700 1 |a Resňdiz Nn︢ez, Cuauhtm̌oc 
740 0 |a vLex Libros (Servicio en ln̕ea) 
856 4 0 |u https://app.vlex.com/#/sources/35244  |z Acceso restringido 
942 |c BOOK 
999 0 |a Tax Law